Scarred / Emily McIntire.
Record details
- ISBN: 9798985138023
- Physical Description: 392 pages : maps ; 22 cm
- Publisher: Naperville, Illinois : Bloom Books, 2022.
Content descriptions
| General Note: | "Contains mature and graphic content that is not suitable for all audiences. Reader discretion is ... Read More |
| Summary, etc.: | "Prince Tristan Faasa was never destined for the ... Read More |
Search for related items by subject
| Subject: | Princes > Fiction. Brothers > Fiction. Fiancés > Fiction. Heirs > Fiction. Man-woman relationships > Fiction. Romance fiction. Siblings. Family members. |
| Genre: | Fantasy fiction. Erotic fiction. |
Search for related items by series
| LDR | 02448cam a22004338i 4500 | ||
|---|---|---|---|
| 001 | 430742 | ||
| 003 | LARL_NWRL_CONSORTIUM | ||
| 005 | 20240129185704.0 | ||
| 008 | 220820s2022 ilub 000 1 eng | ||
| 010 | . | ‡a2022038515 | |
| 020 | . | ‡a9798985138023 ‡q(trade paperback) | |
| 035 | . | ‡a(OCoLC)1341481747 | |
| 040 | . | ‡aDLC ‡beng ‡erda ‡cDLC ‡dOCLCF ‡dUUC ‡dGZD ‡dUtOrBLW | |
| 042 | . | ‡apcc | |
| 082 | 0 | 0. | ‡a813/.6 ‡223/eng/20220820 |
| 100 | 1 | . | ‡aMcIntire, Emily, ‡eauthor. |
| 245 | 1 | 0. | ‡aScarred / ‡cEmily McIntire. |
| 264 | 1. | ‡aNaperville, Illinois : ‡bBloom Books, ‡c2022. | |
| 300 | . | ‡a392 pages : ‡bmaps ; ‡c22 cm | |
| 336 | . | ‡atext ‡btxt ‡2rdacontent | |
| 337 | . | ‡aunmediated ‡bn ‡2rdamedia | |
| 338 | . | ‡avolume ‡bnc ‡2rdacarrier | |
| 340 | . | ‡pmap ‡2rdaill | |
| 490 | 0 | . | ‡aNever after ; ‡v2 |
| 500 | . | ‡a"Contains mature and graphic content that is not suitable for all audiences. Reader discretion is advised" -- Author's note. | |
| 520 | . | ‡a"Prince Tristan Faasa was never destined for the throne. That was always his brother, Michael. The same brother responsible for both Tristan's tormented childhood and the scar that mars his face. When their father dies, Michael is set to assume the throne, and Tristan is set to steal it. The leader of a secret rebellion, Tristan will stop at nothing to end his brother's reign. But when Michael's new betrothed, Lady Sara Beatreaux arrives, Tristan finds himself in the middle of a new kind of war. The kind that begs the question of what's more important, the crown or the woman about to wear it. Sara has one plan. Marry the King and eradicate the Faasa line, even at the risk of her own peril. But she never expects the Scarred Prince. He's dangerous. Forbidden. And one of the men she's been sent to kill. But the line between hatred and passion has never seemed so thin, and as secrets come to light, Sara grows unsure of whom she can trust-torn between vengeance and the villain she was never supposed to love"-- ‡cProvided by publisher. | |
| 650 | 0. | ‡aPrinces ‡vFiction. ‡0(LARL_NWRL_CONSORTIUM)166668 | |
| 650 | 0. | ‡aBrothers ‡vFiction. ‡0(LARL_NWRL_CONSORTIUM)163686 | |
| 650 | 0. | ‡aFiancés ‡vFiction. | |
| 650 | 0. | ‡aHeirs ‡vFiction. | |
| 650 | 0. | ‡aMan-woman relationships ‡vFiction. ‡0(LARL_NWRL_CONSORTIUM)165985 | |
| 650 | 0. | ‡aRomance fiction. ‡0(LARL_NWRL_CONSORTIUM)29934 | |
| 655 | 7. | ‡aFantasy fiction. ‡2lcgft | |
| 655 | 7. | ‡aErotic fiction. ‡2lcgft | |
| 650 | 7. | ‡aSiblings. ‡2homoit ‡0(LARL_NWRL_CONSORTIUM)177289 | |
| 650 | 7. | ‡aFamily members. ‡2homoit | |
| 901 | . | ‡a430742 ‡bAUTOGEN ‡c430742 ‡tbiblio | |

Add to basket
Permalink
Disable Highlighting